LIBRARY & INFORMATION CENTRE, KCAET, TAVANUR

ONLINE PUBLIC ACCESS CATALOGUE (OPAC)

World mining congress minier mondial congresso mundial de mineria / (Record no. 6735)

MARC details
000 -LEADER
fixed length control field 00723cam a2200157ua 4500
041 ## - LANGUAGE CODE
Language code of text/sound track or separate title eng
082 ## - DEWEY DECIMAL CLASSIFICATION NUMBER
Classification number 028.74622
Item number ORG/WO
245 ## - TITLE STATEMENT
Title World mining congress minier mondial congresso mundial de mineria /
250 ## - EDITION STATEMENT
Edition statement 1 /
260 ## - PUBLICATION, DISTRIBUTION, ETC. (IMPRINT)
Place of publication Calcutta :
Name of publisher Organ9ising committee ,
Year of publication 1984.
300 ## - PHYSICAL DESCRIPTION
Number of Pages 200 ; .
942 ## - ADDED ENTRY ELEMENTS (KOHA)
Koha item type Books
Holdings
Withdrawn status Lost status Damaged status Home library Current library Date acquired Full call number Accession Number Koha item type
      KAUAET   01/10/1986 028.74622 15831 Books
free website counter